एक भाषा हुआ करती है / (Record no. 34882)

MARC details
000 -LEADER
fixed length control field 01085nam a22002537a 4500
005 - DATE AND TIME OF LATEST TRANSACTION
control field 20100327115110.0
008 - FIXED-LENGTH DATA ELEMENTS--GENERAL INFORMATION
fixed length control field 100327t xxu||||| |||| 00| 0 hin d
010 ## - LCCN (DPL NO)
LC control number HIN-89199
020 ## - INTERNATIONAL STANDARD BOOK NUMBER
International Standard Book Number 9789380146003
Terms of availability 140.00
035 ## - SYSTEM CONTROL NUMBER
System control number HN-61545
037 ## - SOURCE OF ACQUISITION
Source of stock number/acquisition DBAD / PUB
040 ## - CATALOGING SOURCE
Original cataloging agency DPL
Language of cataloging HN
082 ## - DEWEY DECIMAL CLASSIFICATION NUMBER
Classification number 821
100 ## - MAIN ENTRY--PERSONAL NAME
Personal name उदय प्रकाश
9 (RLIN) 17520
245 ## - TITLE STATEMENT
Title एक भाषा हुआ करती है /
Statement of responsibility, etc उदय प्रकाश
246 ## - VARYING FORM OF TITLE
Title proper/short title Ek bhasha huaa kartee hai/
Remainder of title by Udaya Prkash
260 ## - PUBLICATION, DISTRIBUTION, ETC. (IMPRINT)
Place of publication, distribution, etc नई दिल्ली
Name of publisher, distributor, etc किताबघर प्रकाशन
Date of publication, distribution, etc 2009
270 ## - ADDRESS
Address 4855-56/24, अंसारी रोड, दरियागंज
City नई दिल्ली
Postal code 110002
300 ## - PHYSICAL DESCRIPTION
Extent 99पृ
Dimensions 22सेमी (सजिल्द)
650 ## - SUBJECT ADDED ENTRY--TOPICAL TERM
Topical term or geographic name as entry element हिन्दी कविता
9 (RLIN) 697
650 ## - SUBJECT ADDED ENTRY--TOPICAL TERM
Topical term or geographic name as entry element hindi poetry
9 (RLIN) 698
942 ## - ADDED ENTRY ELEMENTS (KOHA)
Source of classification or shelving scheme Dewey Decimal Classification
Item type Hindi Books
Classification part 821
Call number suffix उदय
Holdings
Withdrawn status Lost status Source of classification or shelving scheme Damaged status Not for loan Collection code Home library Current library Date acquired Source of acquisition Cost, normal purchase price Total Checkouts Full call number Barcode Date last seen Copy number Cost, replacement price Koha item type
    Dewey Decimal Classification   Not For Loan Non-fiction D.B.Act.Division D.B.Act.Division 27/03/2010 DBAD / PUB 140.00   821 उदय HN-61545 27/03/2010 1 140.00 Hindi Books

© Delhi Public Library
Hit Counter
free hit counter